000 01354cam a22003015a 4500
001 L159371
008 161221s2016 xxk f 000 0 eng d
020 _a9781315793733
035 _a(Sirsi) u159371
041 0 _aeng
100 2 _aSwallow, Peter
245 0 0 _aMeasurement and recording of historic buildings
_h[electronic resource]
250 _a1st edition
260 _aLondon
_bRoutledge
_c2016
520 _aProvides a practical guide to measured building surveys with special emphasis on recording the fabric of historic buildings. Highlights the importance of locating early maps and plans, aerial photography and its uses, documentary research, procurement of surveys and conventional photography as part of the processes used. Includes details of a specific project case study undertaken by the Museum of London Archaeology Service highlighting five key principles used in measuring and recording.
590 _aKA
650 2 4 _aEBOOK
650 2 4 _aMEASURED SURVEYS
650 2 4 _aHISTORIC BUILDINGS
650 2 4 _aINSTRUMENTS
650 2 4 _aPHOTOGRAPHY
651 4 _aUnited Kingdom
_y
690 _aMeasurement
_96256
690 _aBuilding surveying
_96225
690 _aConservation and restoration
856 4 0 _uhttps://www.vlebooks.com/
_zView on VLEbooks. Logins for members only from [email protected]
942 _n0
999 _c115842
_d115842